Detalles MARC
| 000 -CABECERA |
| campo de control de longitud fija |
01356nam a2200277 a 4500 |
| 001 - NÚMERO DE CONTROL |
| campo de control |
000000570 |
| 005 - FECHA Y HORA DE LA ÚLTIMA TRANSACCIÓN |
| campo de control |
20200929145351.0 |
| 008 - DATOS DE LONGITUD FIJA--INFORMACIÓN GENERAL |
| campo de control de longitud fija |
081112s2007 dr a r 001 0 spa d |
| 020 ## - NÚMERO INTERNACIONAL ESTÁNDAR DEL LIBRO |
| Número Internacional Estándar del Libro |
9789945860726 |
| 020 ## - NÚMERO INTERNACIONAL ESTÁNDAR DEL LIBRO |
| Número Internacional Estándar del Libro |
9945860720 |
| 040 ## - FUENTE DE LA CATALOGACIÓN |
| Centro catalogador/agencia de origen |
DO-SdBNP |
| Lengua de catalogación |
spa |
| Centro/agencia transcriptor |
BNPHU |
| 082 ## - NÚMERO DE LA CLASIFICACIÓN DECIMAL DEWEY |
| Número de clasificación |
635 |
| Número de documento/Ítem |
M385v |
| 100 1# - ENTRADA PRINCIPAL--NOMBRE DE PERSONA |
| Nombre de persona |
Martínez, César |
| 9 (RLIN) |
1876 |
| 245 13 - MENCIÓN DE TÍTULO |
| Título |
Los vegetales orientales en la República Dominicana / |
| Mención de responsabilidad, etc. |
César Martínez, Juan Jiménez, Pen-Lo Wu. |
| 260 ## - PUBLICACIÓN, DISTRIBUCIÓN, ETC. |
| Lugar de publicación, distribución, etc. |
Santo Domingo : |
| Nombre del editor, distribuidor, etc. |
Instituto Dominicano de Investigaciones Agropecuarias y Forestales, |
| Fecha de publicación, distribución, etc. |
2007. |
| 300 ## - DESCRIPCIÓN FÍSICA |
| Extensión |
83 p. : |
| Otras características físicas |
il. ; |
| Dimensiones |
23 cm. |
| 505 0# - NOTA DE CONTENIDO CON FORMATO |
| Título |
Contenido, Presentación -- Introducción -- |
| -- |
Orígenes de la producción de los vegetales orientales -- |
| -- |
Estructura de la producción y aspectos socioeconómicos -- |
| -- |
Establecimiento y situación del manejo de los cultivos -- |
| -- |
El mercado de los vegetales orientales -- |
| -- |
Factores limitante en la producción y comercialización -- |
| -- |
Usos y atributos de los vegetales orientales -- |
| -- |
Referencias -- |
| -- |
Anexos. |
| 590 ## - NOTA LOCAL (RLIN) |
| Nota local |
Inventariado, 2018/BT |
| 650 #4 - PUNTO DE ACCESO ADICIONAL DE MATERIA--TÉRMINO DE MATERIA |
| Término de materia o nombre geográfico como elemento de entrada |
Hortalizas |
| Subdivisión geográfica |
República Dominicana |
| 9 (RLIN) |
1877 |
| 650 #4 - PUNTO DE ACCESO ADICIONAL DE MATERIA--TÉRMINO DE MATERIA |
| Término de materia o nombre geográfico como elemento de entrada |
Hortalizas |
| Subdivisión general |
Comercialización |
| 9 (RLIN) |
1878 |
| 650 #4 - PUNTO DE ACCESO ADICIONAL DE MATERIA--TÉRMINO DE MATERIA |
| Término de materia o nombre geográfico como elemento de entrada |
Horticultura |
| 9 (RLIN) |
1879 |
| 650 #4 - PUNTO DE ACCESO ADICIONAL DE MATERIA--TÉRMINO DE MATERIA |
| Término de materia o nombre geográfico como elemento de entrada |
Hortalizas |
| Subdivisión general |
Enfermedades y plagas |
| 9 (RLIN) |
1880 |
| 700 12 - PUNTO DE ACCESO ADICIONAL--NOMBRE DE PERSONA |
| Nombre de persona |
Jiménez, Juan |
| 9 (RLIN) |
1881 |
| 700 12 - PUNTO DE ACCESO ADICIONAL--NOMBRE DE PERSONA |
| Nombre de persona |
Pen-Lo, Wu |
| 9 (RLIN) |
1882 |
| 910 ## - DATOS DE OPCIÓN DEL USUARIO (OCLC) |
| Datos de opción del usuario |
Validado. Control de calidad. MFF |